Instrumentation for process measurements (Record no. 173881)

000 -LEADER
fixed length control field 00374nam a2200133Ia 4500
008 - FIXED-LENGTH DATA ELEMENTS--GENERAL INFORMATION
fixed length control field 220217s9999||||xx |||||||||||||| ||und||
020 ## - INTERNATIONAL STANDARD BOOK NUMBER
International Standard Book Number 08493-9871-1
082 ## - DEWEY DECIMAL CLASSIFICATION NUMBER
Classification number 621.381 028 7
100 ## - MAIN ENTRY--PERSONAL NAME
Personal name Anderson,Norman A
245 #0 - TITLE STATEMENT
Title Instrumentation for process measurements
260 ## - PUBLICATION, DISTRIBUTION, ETC.
Place of publication, distribution, etc. CRC press
Name of publisher, distributor, etc. London
Date of publication, distribution, etc. 2005
300 ## - PHYSICAL DESCRIPTION
Other physical details 995
650 ## - SUBJECT ADDED ENTRY--TOPICAL TERM
Topical term or geographic name entry element INSTRUMENT AND MEASURMENTATION
Holdings
Withdrawn status Lost status Damaged status Not for loan Collection code Home library Current library Shelving location Date acquired Full call number Barcode Date last seen Price effective from Koha item type
        Electronics and Communication Engineering Central Library Central Library Book Cart 02/18/2022 621.381 028 7 9070 02/18/2022 02/18/2022 Books

Powered by Koha